000 00572nam a2200205Ia 4500
005 20250508165705.0
008 008 250505s9999 xx 000 0 eng d
037 _aTextual
040 _aFEDL
_beng
_cFEDL
041 _aeng
_2eng
084 _a306.44, SPO
_qFEDL
100 _aSpolsky Bernard
245 0 _aSociolinguistics
260 _aNew York, USA
_bOxford University Press
_c2015
300 _axiii,128 p.
365 _aINR
_b345
490 _aOxford introductions to language study
942 _cTEXL
_h306.44, SPO
999 _c1396775
_d1396775